Datum a čas kvízu
21
Celkem bodů
Celkový počet nahraných bodů na tomto kvízu bez doplňovacích otázek.
8.
Pořadí na kvízu
Konečné umístění týmu na tomto kvízu.
Zaznamenané odpovědi
| # | Otázka | Odpověď | Body | Výsledky |
|---|---|---|---|---|
| 1. | Jedno ze zvířat, které pražská... | kůň Převalského | 0 | |
| 2. | Premiér jednoho evropského stá... | Nizozemsko | 0 | |
| 3. | Jeden 52letý český herec známý... | Hynek Čermák | 1 | |
| 4. | Jak se nazývá česká letecká sp... | Smartwings | 1 | |
| 5. | České reprezentantky v pátek o... | o volejbalu | 1 | |
| 6. | Které slavné literární dílo je... | Kámasútra | 0 | |
| 7. | Nyní uvidíte krátký úryvek z p... | Bible | 0 | |
| 8. | Charles Darwin strávil v roce... | Galapágy; pěnkavy | 0 | |
| 9. | Za půl bodu uveďte, ze kterého... | Vladař; Niccoló Machiavelli | 0 | |
| 10. | Ať už jste či nejste fanoušky... | 2007 (2006 a 2008 za půl bodu) | 0 |